[Event "FICGS rapid M 000075 email"]
[Site "FICGS email"]
[Date "2014.11.07"]
[Round "1"]
[White "Kuster, Zeljko"]
[Black "Leperlier, Gabriel"]
[Result "1/2-1/2"]
[WhiteElo "2144"]
[BlackElo "2194"]
[PlyCount "82"]
[EventDate "2014.??.??"]
[EventType "tourn (rapid)"]
[EventRounds "6"]
[SourceTitle "Corr 2022"]
[Source "ChessBase"]
[SourceDate "2021.10.24"]
[SourceVersion "1"]
[SourceVersionDate "2021.10.24"]
[SourceQuality "1"]

1. b3 e5 2. Bb2 Nc6 3. e3 Nf6 4. Bb5 d6 5. Ne2 a6 6. Bxc6+ bxc6 7. c4 Be7 8. d4 exd4 9. Nxd4 Bd7 10. Qc2 0-0 11. 0-0 Re8 12. Nc3 a5 13. Rad1 c5 14. Nf5 Bf8 15. Ng3 g6 16. e4 Bg7 17. f3 a4 18. bxa4 Qb8 19. a3 Qa7 20. Nb5 Qxa4 21. Qxa4 Rxa4 22. Nxc7 Rc8 23. Rxd6 Rxc7 24. Bxf6 Bxf6 25. Rxf6 Rxc4 26. Rd6 Rc2 27. Rfd1 Ba4 28. R1d2 Rxd2 29. Rxd2 c4 30. Ne2 c3 31. Rd8+ Kg7 32. Kf2 c2 33. Nc1 Bd7 34. Ke2 f5 35. Kd2 fxe4 36. fxe4 Kf6 37. Rb8 Rc4 38. Kd3 Rc5 39. Rb2 Ke5 40. Rxc2 Bb5+ 41. Kd2 Rxc2+ 1/2-1/2

[Event "FICGS rapid M 000075 email"]
[Site "FICGS email"]
[Date "2014.11.07"]
[Round "1"]
[White "Leperlier, Gabriel"]
[Black "Simashkevitch, Mykola"]
[Result "1/2-1/2"]
[WhiteElo "2194"]
[BlackElo "2136"]
[PlyCount "47"]
[EventDate "2014.??.??"]
[EventType "tourn (rapid)"]
[EventRounds "6"]
[SourceTitle "Corr 2022"]
[Source "ChessBase"]
[SourceDate "2021.10.24"]
[SourceVersion "1"]
[SourceVersionDate "2021.10.24"]
[SourceQuality "1"]

1. d4 d5 2. c4 c6 3. Nf3 Nf6 4. Nc3 e6 5. Bg5 h6 6. Bxf6 Qxf6 7. e3 Nd7 8. Bd3 dxc4 9. Bxc4 g6 10. h4 Bg7 11. Rc1 0-0 12. 0-0 Qe7 13. Qc2 Rd8 14. Bd3 c5 15. Rfd1 cxd4 16. exd4 Nf6 17. Qe2 Bd7 18. d5 Rac8 19. Bc4 a6 20. Bb3 Qe8 21. dxe6 Bxe6 22. Bxe6 Qxe6 23. Qxe6 fxe6 24. Rxd8+ 1/2-1/2

[Event "FICGS rapid M 000075 email"]
[Site "FICGS email"]
[Date "2014.11.07"]
[Round "1"]
[White "Teverovski, Bogoljub"]
[Black "Leperlier, Gabriel"]
[Result "1/2-1/2"]
[WhiteElo "2104"]
[BlackElo "2194"]
[PlyCount "56"]
[EventDate "2014.??.??"]
[EventType "tourn (rapid)"]
[EventRounds "6"]
[SourceTitle "Corr 2022"]
[Source "ChessBase"]
[SourceDate "2021.10.24"]
[SourceVersion "1"]
[SourceVersionDate "2021.10.24"]
[SourceQuality "1"]

1. d4 Nf6 2. c4 e6 3. g3 d5 4. Bg2 Be7 5. Nf3 0-0 6. 0-0 Nbd7 7. Qc2 c6 8. Nbd2 b6 9. e4 Bb7 10. e5 Ne8 11. cxd5 cxd5 12. Re1 Rc8 13. Qa4 Nc7 14. Nf1 b5 15. Qd1 b4 16. h4 h6 17. N1h2 Ne8 18. Ng4 Ba6 19. Bf4 Nb6 20. Nd2 Bd3 21. Bf1 Bf5 22. Ba6 Rc6 23. Ne3 Bh7 24. h5 Qa8 25. Bb5 Rc8 26. Ba6 Rc6 27. Bb5 Rc8 28. Ba6 Rc6 1/2-1/2

[Event "FICGS W-ch final email"]
[Site "FICGS email"]
[Date "2014.03.18"]
[Round "1"]
[White "Shapland, Roy"]
[Black "Leperlier, Gabriel"]
[Result "1-0"]
[WhiteElo "2202"]
[BlackElo "2171"]
[PlyCount "85"]
[EventDate "2014.??.??"]
[EventType "tourn (corr)"]
[EventRounds "6"]
[EventCategory "5"]
[SourceTitle "Corr 2022"]
[Source "ChessBase"]
[SourceDate "2021.10.24"]
[SourceVersion "1"]
[SourceVersionDate "2021.10.24"]
[SourceQuality "1"]

1. d4 Nf6 2. c4 g6 3. Nc3 Bg7 4. e4 d6 5. Be2 0-0 6. Nf3 e5 7. 0-0 exd4 8. Nxd4 Re8 9. f3 Nc6 10. Be3 Nxd4 11. Bxd4 a5 12. Qd2 b6 13. Bd1 Bd7 14. Re1 h5 15. Bf2 Bc6 16. Bh4 Qc8 17. Be2 Qe6 18. Rad1 Rac8 19. Nd5 Nd7 20. Bf1 Kh7 21. b3 Bb7 22. Bg5 Nc5 23. Qf4 Bxd5 24. cxd5 Qd7 25. Qh4 Bh6 26. Bf6 Bg7 27. Re3 b5 28. g4 Bxf6 29. Qxf6 Rb8 30. gxh5 gxh5 31. Kh1 Qe7 32. Qf4 Rg8 33. e5 Qg5 34. Qxg5 Rxg5 35. f4 Rg4 36. e6 f5 37. Rc1 Kg6 38. Be2 Rxf4 39. e7 Re4 40. Rxe4 Nxe4 41. Bxb5 Nf6 42. a4 Rc8 43. b4 1-0

[Event "FICGS W-ch st2 g05 email"]
[Site "FICGS email"]
[Date "2013.07.30"]
[Round "1"]
[White "Leperlier, Gabriel"]
[Black "Bakhmatov, Andrey"]
[Result "1/2-1/2"]
[WhiteElo "2156"]
[BlackElo "2152"]
[PlyCount "72"]
[EventDate "2013.??.??"]
[EventType "tourn (corr)"]
[EventRounds "8"]
[SourceTitle "Corr 2022"]
[Source "ChessBase"]
[SourceDate "2021.10.24"]
[SourceVersion "1"]
[SourceVersionDate "2021.10.24"]
[SourceQuality "1"]

1. e4 c5 2. Nf3 d6 3. d4 cxd4 4. Nxd4 Nf6 5. Nc3 a6 6. g3 e5 7. Nde2 Be7 8. Bg2 0-0 9. 0-0 Be6 10. h3 Nbd7 11. g4 Nb6 12. b3 d5 13. exd5 Nbxd5 14. Nxd5 Bxd5 15. Ng3 Bxg2 16. Qxd8 Rfxd8 17. Kxg2 Nd5 18. Ne4 b5 19. c4 Nb4 20. Be3 bxc4 21. bxc4 Rac8 22. c5 Nd5 23. Rfd1 f6 24. Rab1 Rc7 25. Kf3 g6 26. Bd2 Rdd7 27. Rb8+ Kf7 28. Rc1 Rc6 29. Ke2 Rd8 30. Rxd8 Bxd8 31. Nd6+ Ke6 32. Nb7 Be7 33. Kd3 f5 34. gxf5+ gxf5 35. Rb1 e4+ 36. Kc4 f4 1/2-1/2

[Event "FICGS W-ch st2 g05 email"]
[Site "FICGS email"]
[Date "2013.07.30"]
[Round "1"]
[White "Leperlier, Gabriel"]
[Black "Cookson, Timothy"]
[Result "1-0"]
[WhiteElo "2156"]
[BlackElo "2253"]
[PlyCount "45"]
[EventDate "2013.??.??"]
[EventType "tourn (corr)"]
[EventRounds "8"]
[SourceTitle "Corr 2022"]
[Source "ChessBase"]
[SourceDate "2021.10.24"]
[SourceVersion "1"]
[SourceVersionDate "2021.10.24"]
[SourceQuality "1"]

1. e4 c5 2. Nf3 Nc6 3. c3 Nf6 4. e5 Nd5 5. Bc4 Nb6 6. Bb3 c4 7. Bc2 d5 8. exd6 e5 9. 0-0 Be6 10. a4 Qxd6 11. Ng5 Be7 12. Nxe6 Qxe6 13. Qe2 Rd8 14. a5 Nd7 15. d3 cxd3 16. Bxd3 a6 17. Nd2 0-0 18. Ne4 Kh8 19. g4 Nc5 20. Nxc5 Bxc5 21. b4 Ba7 22. Be4 h6 23. Kh1 1-0

[Event "FICGS W-ch st2 g05 email"]
[Site "FICGS email"]
[Date "2013.07.30"]
[Round "1"]
[White "Lowrance, Wayne"]
[Black "Leperlier, Gabriel"]
[Result "0-1"]
[WhiteElo "2252"]
[BlackElo "2156"]
[PlyCount "36"]
[EventDate "2013.??.??"]
[EventType "tourn (corr)"]
[EventRounds "8"]
[SourceTitle "Corr 2022"]
[Source "ChessBase"]
[SourceDate "2021.10.24"]
[SourceVersion "1"]
[SourceVersionDate "2021.10.24"]
[SourceQuality "1"]

1. e4 c5 2. Nf3 Nc6 3. Bb5 g6 4. 0-0 Bg7 5. Nc3 Nf6 6. e5 Ng4 7. Bxc6 dxc6 8. Re1 0-0 9. d3 Nh6 10. Ne4 b6 11. a4 Bg4 12. Bxh6 Bxh6 13. h3 Bf5 14. a5 Bg7 15. Qd2 Qc7 16. Qf4 h6 17. Ra3 Rac8 18. axb6 axb6 0-1

[Event "FICGS W-ch st1 g01 email"]
[Site "FICGS email"]
[Date "2013.07.02"]
[Round "1"]
[White "Fabris, Alberto"]
[Black "Leperlier, Gabriel"]
[Result "1/2-1/2"]
[WhiteElo "2006"]
[BlackElo "2156"]
[PlyCount "92"]
[EventDate "2013.??.??"]
[EventType "tourn (corr)"]
[EventRounds "8"]
[SourceTitle "Corr 2022"]
[Source "ChessBase"]
[SourceDate "2021.10.24"]
[SourceVersion "1"]
[SourceVersionDate "2021.10.24"]
[SourceQuality "1"]

1. Nf3 Nf6 2. g3 d5 3. Bg2 c6 4. c4 dxc4 5. 0-0 Nbd7 6. Na3 Nb6 7. Qc2 g6 8. Nxc4 Nxc4 9. Qxc4 Bg7 10. d3 0-0 11. Bd2 Be6 12. Qc2 a5 13. Bc3 Qb6 14. Bd4 Qc7 15. Rfc1 Rfd8 16. b3 Bg4 17. Bb2 Nd5 18. Bxg7 Kxg7 19. a3 e5 20. Ng5 f6 21. Ne4 Qe7 22. Nc5 Rab8 23. Qb2 b6 24. Ne4 c5 25. Rab1 Qd7 26. Nc3 Nxc3 27. Rxc3 Rbc8 28. Rbc1 Qe7 29. h3 Be6 30. Kh2 Rd4 31. R3c2 Rcd8 32. Qc3 Bf5 33. Qd2 e4 34. Qe3 R8d7 35. dxe4 Bxe4 36. Bxe4 Rxe4 37. Qf3 Qe6 38. e3 Re5 39. Rc4 Qd5 40. Kg2 Qxf3+ 41. Kxf3 Rf5+ 42. Ke2 Rfd5 43. R1c2 f5 44. g4 fxg4 45. hxg4 Rd3 46. R4c3 Rd1 1/2-1/2

[Event "FICGS rapid M 000063 email"]
[Site "FICGS email"]
[Date "2013.04.04"]
[Round "1"]
[White "Leperlier, Gabriel"]
[Black "Simmelink, Joop Theo"]
[Result "1/2-1/2"]
[WhiteElo "2119"]
[BlackElo "2238"]
[PlyCount "84"]
[EventDate "2013.??.??"]
[EventType "tourn (rapid)"]
[EventRounds "6"]
[SourceTitle "Corr 2022"]
[Source "ChessBase"]
[SourceDate "2021.10.24"]
[SourceVersion "1"]
[SourceVersionDate "2021.10.24"]
[SourceQuality "1"]

1. e4 e5 2. Nc3 Nf6 3. f4 d5 4. exd5 Nxd5 5. fxe5 Nxc3 6. bxc3 Qh4+ 7. Ke2 Bg4+ 8. Nf3 Nc6 9. Qe1 Qh5 10. d4 f6 11. Kf2 0-0-0 12. Bb5 fxe5 13. Bxc6 bxc6 14. Qxe5 Qg6 15. Qg5 Qxc2+ 16. Qd2 Qxd2+ 17. Bxd2 Bd6 18. h3 Be6 19. Bg5 Rde8 20. Rhe1 Rhf8 21. a4 Bd5 22. Rxe8+ Rxe8 23. Be3 Rf8 24. Rc1 Kd7 25. c4 Bxf3 26. gxf3 Rb8 27. Ke2 Rb2+ 28. Kd3 Rh2 29. Rg1 g6 30. Rg5 Rxh3 31. Ke4 Bb4 32. f4 Ke6 33. Re5+ Kf7 34. f5 Rh4+ 35. Kd3 Rh5 36. fxg6+ hxg6 37. Rg5 Rxg5 38. Bxg5 Be7 39. Bf4 Bd6 40. Bg5 Ke6 41. Ke4 a6 42. Bd8 Bg3 1/2-1/2

[Event "FICGS class C 000180 email"]
[Site "FICGS email"]
[Date "2012.10.09"]
[Round "1"]
[White "Lois, Spyros"]
[Black "Leperlier, Gabriel"]
[Result "1/2-1/2"]
[WhiteElo "1854"]
[BlackElo "1900"]
[PlyCount "67"]
[EventDate "2012.??.??"]
[EventType "tourn (corr)"]
[EventRounds "1"]
[SourceTitle "Corr 2022"]
[Source "ChessBase"]
[SourceDate "2021.10.24"]
[SourceVersion "1"]
[SourceVersionDate "2021.10.24"]
[SourceQuality "1"]

1. e4 e5 2. Nf3 Nf6 3. Nxe5 d6 4. Nf3 Nxe4 5. d4 d5 6. Be2 Bd6 7. 0-0 Be6 8. c4 dxc4 9. Qc2 Nf6 10. Bxc4 Bxc4 11. Qxc4 0-0 12. h3 c6 13. Nc3 Nbd7 14. Re1 Qc7 15. Be3 Nb6 16. Qd3 h6 17. Qf5 Nbd5 18. Bd2 Rae8 19. Nxd5 Nxd5 20. Rad1 Rxe1+ 21. Rxe1 Qc8 22. Qe4 Nf6 23. Qb1 Re8 24. Ne5 Re6 25. Qd1 Nd5 26. Qb3 Re7 27. a3 f6 28. Nd3 Rxe1+ 29. Nxe1 Kf7 30. Nc2 b5 31. Ne3 Qe6 32. Nxd5 Qxd5 33. Qxd5+ cxd5 34. Kf1 1/2-1/2

[Event "FICGS rapid A 000129 email"]
[Site "FICGS email"]
[Date "2012.09.07"]
[Round "1"]
[White "James, Angus"]
[Black "Leperlier, Gabriel"]
[Result "0-1"]
[WhiteElo "2015"]
[BlackElo "1900"]
[PlyCount "108"]
[EventDate "2012.??.??"]
[EventType "tourn (rapid)"]
[EventRounds "6"]
[SourceTitle "Corr 2022"]
[Source "ChessBase"]
[SourceDate "2021.10.24"]
[SourceVersion "1"]
[SourceVersionDate "2021.10.24"]
[SourceQuality "1"]

1. e4 c6 2. d4 d5 3. exd5 cxd5 4. Bd3 Nc6 5. c3 Qc7 6. h3 e6 7. Nf3 Bd6 8. 0-0 Nf6 9. Re1 0-0 10. Bg5 h6 11. Bxf6 gxf6 12. Nh4 f5 13. Qh5 Kg7 14. Nd2 Qd8 15. Ndf3 Bd7 16. Ne5 Nxe5 17. dxe5 Bc5 18. b4 Be7 19. Nf3 Rc8 20. Rac1 Rg8 21. a3 Bg5 22. Nxg5 Qxg5 23. Qxg5+ hxg5 24. c4 dxc4 25. Bxc4 Ba4 26. Be2 f6 27. Bc4 Rge8 28. Ba2 Rxc1 29. Rxc1 Re7 30. Re1 Kf7 31. exf6 Kxf6 32. Re2 a6 33. Re3 Bc6 34. Bb3 e5 35. Rd3 e4 36. Rd6+ Ke5 37. Rg6 Kd4 38. Rxg5 Kc3 39. Bg8 f4 40. Rg4 e3 41. fxe3 fxe3 42. Kf1 Bb5+ 43. Ke1 Rc7 44. Rg5 b6 45. Re5 Kd4 46. Rd5+ Ke4 47. Rd6 Rc3 48. Rd1 Rxa3 49. Rc1 Ra4 50. Rb1 Kd4 51. Bh7 Ra2 52. Rd1+ Kc3 53. Rc1+ Kxb4 54. Bc2 Rb2 0-1

[Event "FICGS rapid A 000129 email"]
[Site "FICGS email"]
[Date "2012.09.07"]
[Round "1"]
[White "Leperlier, Gabriel"]
[Black "Pentru, Oana"]
[Result "1/2-1/2"]
[WhiteElo "1900"]
[BlackElo "1945"]
[PlyCount "107"]
[EventDate "2012.??.??"]
[EventType "tourn (rapid)"]
[EventRounds "6"]
[SourceTitle "Corr 2022"]
[Source "ChessBase"]
[SourceDate "2021.10.24"]
[SourceVersion "1"]
[SourceVersionDate "2021.10.24"]
[SourceQuality "1"]

1. Nf3 Nf6 2. c4 e6 3. Nc3 d5 4. d4 c6 5. e3 Nbd7 6. Qc2 Bd6 7. Bd3 0-0 8. 0-0 dxc4 9. Bxc4 b5 10. Bd3 Bb7 11. Ng5 Bxh2+ 12. Kxh2 Ng4+ 13. Kg1 Qxg5 14. f3 Ngf6 15. e4 Qh4 16. Ne2 a6 17. Bf4 Rfe8 18. Qd2 e5 19. Bg5 Qh5 20. Ng3 Qg6 21. Nf5 Nh5 22. Bh4 c5 23. dxe5 Nxe5 24. Be2 c4 25. Rad1 Qb6+ 26. Bf2 Qg6 27. Qe3 Re6 28. b3 Rae8 29. bxc4 Nxc4 30. Bxc4 bxc4 31. Rd4 h6 32. Rb1 Bc8 33. Rxc4 Rc6 34. Rxc6 Qxc6 35. Rb6 Qc2 36. Nd6 Rd8 37. e5 Be6 38. g4 Qd1+ 39. Kh2 Nf6 40. exf6 Rxd6 41. fxg7 Rd2 42. a4 Re2 43. Qc5 Kxg7 44. Kg3 Kh7 45. Rb8 Qd5 46. Qxd5 Bxd5 47. Bd4 Rd2 48. Ba1 Rd3 49. Rh8+ Kg6 50. Rg8+ Kh7 51. Rg7+ Kh8 52. Rxf7+ Kg8 53. Rf6 Ra3 54. Bb2 1/2-1/2

[Event "FICGS rapid A 000129 email"]
[Site "FICGS email"]
[Date "2012.09.07"]
[Round "1"]
[White "Leperlier, Gabriel"]
[Black "Skwarczylo, Marek"]
[Result "1-0"]
[WhiteElo "1900"]
[BlackElo "1984"]
[PlyCount "77"]
[EventDate "2012.??.??"]
[EventType "tourn (rapid)"]
[EventRounds "6"]
[SourceTitle "Corr 2022"]
[Source "ChessBase"]
[SourceDate "2021.10.24"]
[SourceVersion "1"]
[SourceVersionDate "2021.10.24"]
[SourceQuality "1"]

1. Nf3 Nf6 2. c4 g6 3. d4 Bg7 4. Nc3 0-0 5. e4 d6 6. Be2 e5 7. 0-0 Nc6 8. d5 Ne7 9. b4 a5 10. bxa5 c5 11. Ne1 Rxa5 12. Bd2 Ra3 13. f3 Ne8 14. Nd3 f5 15. Rb1 Nf6 16. Rb3 Rxb3 17. axb3 Bd7 18. Qa1 Nh5 19. Kh1 f4 20. Kg1 Nf6 21. Rb1 Qa8 22. b4 Qxa1 23. Rxa1 cxb4 24. Nxb4 Rc8 25. Kf2 Rc7 26. Ra8+ Kf7 27. Nb5 Bxb5 28. cxb5 Nd7 29. Nc6 Nc8 30. Nd8+ Ke7 31. Ne6 Rc2 32. Ke1 Bf6 33. g3 g5 34. Ba5 Kf7 35. Bc7 Ncb6 36. Bxb6 Nxb6 37. Rb8 Nd7 38. Rxb7 Ke7 39. Bd1 1-0

[Event "FICGS class C 000177 email"]
[Site "FICGS email"]
[Date "2012.08.15"]
[Round "1"]
[White "Leperlier, Gabriel"]
[Black "Gibas, Jaroslaw"]
[Result "1/2-1/2"]
[WhiteElo "1900"]
[BlackElo "1984"]
[PlyCount "58"]
[EventDate "2012.??.??"]
[EventType "tourn (corr)"]
[EventRounds "1"]
[SourceTitle "Corr 2022"]
[Source "ChessBase"]
[SourceDate "2021.10.24"]
[SourceVersion "1"]
[SourceVersionDate "2021.10.24"]
[SourceQuality "1"]

1. d4 Nf6 2. c4 e6 3. Nf3 d5 4. Nc3 c6 5. Bg5 h6 6. Bxf6 Qxf6 7. e3 Nd7 8. Bd3 dxc4 9. Bxc4 g6 10. a4 Qe7 11. 0-0 Bg7 12. a5 0-0 13. Qb3 Rd8 14. Rfc1 c5 15. d5 Ne5 16. Nxe5 Bxe5 17. dxe6 Bxe6 18. Bxe6 Qxe6 19. Qxe6 fxe6 20. Na4 b6 21. f4 Bf6 22. axb6 axb6 23. Nxb6 Rab8 24. Na4 Bxb2 25. Nxb2 Rxb2 26. Rxc5 Kf7 27. g4 g5 28. fxg5 Rdd2 29. gxh6 Rg2+ 1/2-1/2

[Event "FICGS rapid A 000127 email"]
[Site "FICGS email"]
[Date "2012.06.07"]
[Round "1"]
[White "Basant, Neel"]
[Black "Leperlier, Gabriel"]
[Result "1/2-1/2"]
[WhiteElo "2000"]
[BlackElo "1900"]
[PlyCount "84"]
[EventDate "2012.??.??"]
[EventType "tourn (rapid)"]
[EventRounds "6"]
[SourceTitle "Corr 2022"]
[Source "ChessBase"]
[SourceDate "2021.10.24"]
[SourceVersion "1"]
[SourceVersionDate "2021.10.24"]
[SourceQuality "1"]

1. e4 e5 2. Nf3 Nf6 3. d4 exd4 4. e5 Ne4 5. Qxd4 d5 6. exd6 Nxd6 7. Nc3 Nc6 8. Qa4 Be7 9. Bd3 0-0 10. 0-0 Be6 11. Be3 a6 12. Rad1 Re8 13. Bc5 h6 14. Rfe1 Qd7 15. Be4 b5 16. Qa3 Nxe4 17. Rxe4 Qc8 18. Bxe7 Nxe7 19. Qc5 Nf5 20. Nd4 Nxd4 21. Rexd4 Qb7 22. f3 c6 23. h3 Qc7 24. Ne4 Re7 25. Rd6 Rc8 26. b3 a5 27. R6d4 Ra8 28. Kf2 b4 29. c4 bxc3 30. Nxc3 Bxh3 31. Rd6 Be6 32. Rxc6 Qb7 33. Rd4 Rd7 34. Ne2 Rb8 35. Kg3 Rbd8 36. Rb6 Qa7 37. Rxd7 Bxd7 38. Nd4 Rb8 39. Rc6 Qxc5 40. Rxc5 a4 41. Kf4 axb3 42. axb3 Be6 1/2-1/2

[Event "FICGS theme 0001 email"]
[Site "FICGS email"]
[Date "2012.05.26"]
[Round "1"]
[White "Leperlier, Gabriel"]
[Black "Malish, Dmitriy"]
[Result "1-0"]
[WhiteElo "1900"]
[BlackElo "1412"]
[PlyCount "29"]
[EventDate "2012.??.??"]
[EventType "swiss (corr)"]
[EventRounds "1"]
[SourceTitle "Corr 2022"]
[Source "ChessBase"]
[SourceDate "2021.10.24"]
[SourceVersion "1"]
[SourceVersionDate "2021.10.24"]
[SourceQuality "1"]

1. e4 c5 2. Nf3 d6 3. d4 cxd4 4. Nxd4 Nf6 5. Nc3 g6 6. Be3 Bg7 7. f3 0-0 8. Qd2 Nc6 9. Bc4 Bd7 10. h4 Ne5 11. Bb3 Qa5 12. g4 Ne8 13. h5 gxh5 14. 0-0-0 e6 15. Rxh5 1-0

[Event "FICGS theme 0001 email"]
[Site "FICGS email"]
[Date "2012.05.26"]
[Round "1"]
[White "Leperlier, Gabriel"]
[Black "Vida, Marco"]
[Result "1-0"]
[WhiteElo "1900"]
[BlackElo "1900"]
[PlyCount "23"]
[EventDate "2012.??.??"]
[EventType "swiss (corr)"]
[EventRounds "1"]
[SourceTitle "Corr 2022"]
[Source "ChessBase"]
[SourceDate "2021.10.24"]
[SourceVersion "1"]
[SourceVersionDate "2021.10.24"]
[SourceQuality "1"]

1. e4 c5 2. Nf3 d6 3. d4 cxd4 4. Nxd4 Nf6 5. Nc3 g6 6. Be3 Bg7 7. f3 0-0 8. Qd2 Nc6 9. Bc4 Bd7 10. 0-0-0 Nxd4 11. Bxd4 Rc8 12. Be2 1-0

[Event "FICGS theme 0001 email"]
[Site "FICGS email"]
[Date "2012.05.26"]
[Round "1"]
[White "Schuett, Wilhelm"]
[Black "Leperlier, Gabriel"]
[Result "0-1"]
[WhiteElo "1800"]
[BlackElo "1900"]
[PlyCount "62"]
[EventDate "2012.??.??"]
[EventType "swiss (corr)"]
[EventRounds "1"]
[SourceTitle "Corr 2022"]
[Source "ChessBase"]
[SourceDate "2021.10.24"]
[SourceVersion "1"]
[SourceVersionDate "2021.10.24"]
[SourceQuality "1"]

1. e4 c5 2. Nf3 d6 3. d4 cxd4 4. Nxd4 Nf6 5. Nc3 g6 6. Be3 Bg7 7. f3 0-0 8. Qd2 Nc6 9. 0-0-0 d5 10. exd5 Nxd5 11. Nxc6 bxc6 12. Bd4 Bxd4 13. Qxd4 Be6 14. h4 Qb6 15. Na4 Qa5 16. b3 Rad8 17. Qc5 Qc7 18. Bd3 Nf4 19. h5 Rd5 20. Qf2 Nxh5 21. Nc3 Ra5 22. g4 Qf4+ 23. Kb2 Nf6 24. Rh2 Rd8 25. Rdh1 Rd7 26. Be4 Qe5 27. Qe3 Nd5 28. f4 Rxa2+ 29. Kxa2 Nxc3+ 30. Ka3 Qa5+ 31. Kb2 Rd1 0-1

[Event "IECC Swiss email"]
[Site "IECC email"]
[Date "2001.07.15"]
[Round "?"]
[White "Leperlier, Gabriel"]
[Black "Roldan Ortiz, Antonio Jose"]
[Result "1-0"]
[WhiteElo "1751"]
[BlackElo "1942"]
[PlyCount "49"]
[EventDate "2001.??.??"]
[EventType "tourn (corr)"]
[EventRounds "6"]
[SourceTitle "Corr 2008"]
[Source "ChessBase"]
[SourceDate "2008.06.24"]
[SourceVersion "1"]
[SourceVersionDate "2008.06.24"]
[SourceQuality "1"]

1. e4 e5 2. Nf3 Nc6 3. Bc4 Nf6 4. Ng5 d5 5. exd5 Nd4 6. c3 b5 7. cxd4 bxc4 8. dxe5 Qxd5 9. 0-0 Bb7 10. Nf3 Ng4 11. Nc3 Qc6 12. Qe2 0-0-0 13. h3 h5 14. b3 Re8 15. Qxc4 Nxe5 16. Qxc6 Nxc6 17. d4 Bb4 18. Bb2 f6 19. Rac1 Ne7 20. Rfd1 Bxf3 21. gxf3 Bxc3 22. Bxc3 Nd5 23. Ba5 g5 24. Rc5 g4 25. Rxd5 1-0

[Event "IECC Swiss email"]
[Site "IECC email"]
[Date "2001.01.24"]
[Round "?"]
[White "Dubrov, Yuri"]
[Black "Leperlier, Gabriel"]
[Result "1/2-1/2"]
[WhiteElo "2042"]
[BlackElo "1731"]
[PlyCount "43"]
[EventDate "2001.??.??"]
[EventType "tourn (corr)"]
[EventRounds "6"]
[SourceTitle "Corr 2008"]
[Source "ChessBase"]
[SourceDate "2008.06.24"]
[SourceVersion "1"]
[SourceVersionDate "2008.06.24"]
[SourceQuality "1"]

1. d4 d5 2. Nf3 Nf6 3. c4 e6 4. Nc3 c5 5. cxd5 Nxd5 6. e4 Nxc3 7. bxc3 cxd4 8. cxd4 Bb4+ 9. Bd2 Bxd2+ 10. Qxd2 0-0 11. Bc4 Nc6 12. 0-0 Na5 13. Bd3 a6 14. Rad1 b5 15. d5 exd5 16. exd5 Bg4 17. Qf4 Bxf3 18. Qxf3 Qd6 19. Qe4 g6 20. Rfe1 Rac8 21. Bc2 Rfd8 22. Rd4 1/2-1/2